000 00306nam a2200133Ia 4500
008 220216s9999 xx 000 0 und d
100 _aMajumdar Samir
245 0 _aRubber recycling
260 _bRubber India
_c2008
300 _a37-44
650 _aRecycling
650 _aRubber industry
942 _cJS
999 _c67944
_d67944